000
00285nam a22001337a 4500
020
_a
978-81-8266-168-4
082
_a
910
_b
POT/P
100
_a
POTTEKKATT, S.K
245
_a
PARYADANAM
260
_a
2014
_b
MATHRUBHUMI BOOKS
_c
KOZHIKODE
300
_a
175
520
_a
NOVEL
942
_c
BK
999
_c
5344
_d
5344